[Event "18th Delhi GM Open 2020"]
[Site "Delhi"]
[Date "2020.01.12"]
[Round "5.16"]
[White "Pranav Vijay"]
[Black "Lalith Babu M R"]
[Result "1/2-1/2"]
[WhiteElo "2265"]
[BlackElo "2558"]
[Annotator "TA"]
[PlyCount "64"]
[EventDate "2020.01.09"]
[EventType "swiss"]
[EventCountry "IND"]
[SourceTitle "playchess.com"]
[Source "ChessBase"]
[SourceQuality "1"]

{[%evp 12,64,24,-5,23,-1,0,-19,-16,-18,-17,-54,-53,-56,-52,-70,-20,-20,0,-1,21,2,40,28,30,20,33,16,13,4,22,9,32,45,43,52,54,48,54,16,42,26,101,54,63,66,66,67,53,8,46,0,0,0,0]} 1. e4 e5 2. Nf3 Nc6 3. Bb5 a6 4. Ba4 Nf6 5. O-O Be7 6. d3 d6 7. c4 O-O {C84: Closed Ruy Lopez: Unusual White 6th moves} 8. Nc3 (8. h3 Nd7 9. Be3 Bf6 10. c5 Ne7 11. cxd6 cxd6 12. Nc3 b5 13. Bb3 Bb7 14. a3 Nc5 15. Ba2 {½-½ (24) Van Foreest,J (2629)-Amin,B (2693) Wijk aan Zee 2018}) 8... Bg4 9. Be3 {[#]} Nd4 $1 {[%mdl 512]} 10. Bxd4 exd4 11. Ne2 Bxf3 12. gxf3 Nh5 $146 ({Predecessor:} 12... c5 13. Ng3 Rb8 14. Qe2 b5 15. Bb3 {1-0 (43) Marinakis,H (2085)-Milonakis,G (2285) Heraklion 2019}) 13. f4 g6 14. Qd2 Qc8 15. f5 Bf6 (15... Kh8 {is more complex.} 16. Ng3 Ng7 17. Rae1 Qd8 18. b4 c6) 16. Ng3 {Black should prevent Nxh5.} Nxg3 (16... Ng7 {feels hotter.} 17. Qh6 Qd8 18. b4 c6 19. Rab1 b5) 17. fxg3 Qd8 18. Qb4 Be5 19. Rf3 ({But not} 19. Qxb7 Rb8 $15) 19... Qg5 20. Raf1 gxf5 21. exf5 ({Much weaker is} 21. Qxb7 Rab8 $17) 21... Rab8 22. f6 $36 {[%mdl 2048] White is more active.} Kh8 23. Bd7 Rg8 24. Bf5 h5 25. Qe1 h4 {[%cal Rh4g3]} 26. g4 Bxf6 (26... b5 $11) 27. h3 {Hoping for Be4.} Be5 28. Be4 Rg7 29. Kh1 Bg3 30. Qe2 b5 31. Rxf7 Rxf7 32. Rxf7 {[#] Strongly threatening Qf1.} Qc1+ $1 {Accuracy: White = 46%, Black = 57%.} 1/2-1/2

[Event "18th Delhi GM Open 2020"]
[Site "Delhi"]
[Date "2020.01.12"]
[Round "5.17"]
[White "Ghosh, Diptayan"]
[Black "Srihari L R"]
[Result "1-0"]
[WhiteElo "2550"]
[BlackElo "2302"]
[Annotator "TA"]
[PlyCount "119"]
[EventDate "2020.01.09"]
[EventType "swiss"]
[EventCountry "IND"]
[SourceTitle "playchess.com"]
[Source "ChessBase"]
[SourceQuality "1"]

{[%evp 16,118,58,50,70,64,50,56,54,56,92,92,108,84,90,83,94,89,86,80,89,52,55,55,55,60,78,77,78,79,79,79,80,78,137,137,128,66,71,0,137,141,181,182,182,192,210,210,209,206,266,273,286,285,272,198,239,242,296,295,375,352,678,583,678,678,846,487,4649,667,680,479,432,437,29972,29972,29970,29966,5285,1288,29979,29980,29978,29979,29979,29980,29988,29980,29980,29981,29979,29980,29985,29986,29993,29994,29995,29996,29996,29997,29997,29998,29998,29999,29999]} 1. c4 f5 2. g3 Nf6 3. Bg2 d6 4. d4 e6 5. Nf3 Be7 6. O-O O-O 7. b3 a5 8. Nc3 Ne4 9. Bb2 Bf6 {A96: Classical Dutch: Fluid Systems: Early deviations} (9... Nd7 10. Qc2 Nxc3 11. Bxc3 Qe8 12. Bd2 a4 13. Ne1 e5 14. dxe5 dxe5 15. Nd3 e4 16. Nf4 Nf6 17. f3 c6 18. Kh1 Bc5 19. b4 Bb6 20. c5 Bc7 21. Rad1 g5 22. Nh3 e3 {1-0 (22) Markus,R (2599)-Pap,M (2454) Subotica 2019}) 10. Qc2 Nxc3 11. Bxc3 Nc6 {White is slightly better.} 12. e4 e5 13. dxe5 Nxe5 14. Nxe5 Bxe5 15. Bxe5 dxe5 16. Rad1 $146 ({Predecessor:} 16. exf5 Qg5 17. Qe4 Qxf5 18. Qxf5 Rxf5 19. Rad1 Kf7 20. Rd8 Ke7 21. Rfd1 c6 22. Bh3 Rf8 23. Rxf8 {1-0 (23) Bemporad,F (2093)-Cerioni,A (1958) Milan 2011}) 16... Qf6 17. exf5 Bxf5 18. Qc3 c6 19. c5 a4 20. bxa4 Be6 21. Qc2 Bf5 22. Be4 Bxe4 23. Qxe4 Qf5 24. Qb4 e4 (24... Rf7 $142) 25. Qxb7 $16 Qxc5 26. Rc1 ({Better is} 26. Rd7 $16 Qc3 27. Qb3+ Qxb3 28. axb3) 26... Qd5 $14 27. Rcd1 ({But not} 27. Rxc6 Rab8 $11) (27. Qb4 $142) 27... Qc5 $1 $16 28. Rd7 $36 {[%mdl 2048] Keeping Black busy.} Qe5 29. Re7 Qd4 30. Qxc6 Qxa4 31. Qb7 $1 Qd4 32. Rxe4 Qf6 33. Rf4 Qe6 34. Rxf8+ Rxf8 $18 {[%mdl 4096] Endgame KQR-KQR} 35. Qb3 Qf7 36. Rb1 Ra8 37. Qc2 h5 38. h4 g6 $2 (38... Rd8 39. a4 Qd5) 39. Rb6 Kh7 40. a4 Re8 41. Qd1 Qa7 {[#]} (41... Qe7 $142 42. Qd5 Qe1+ 43. Kg2 Qe4+ 44. Qxe4 Rxe4) 42. Rd6 (42. Qb1 $142 $1 Qf7 {[#]} 43. Rb7 $1 {[%mdl 512]} Re1+ 44. Qxe1 Qxb7 45. a5) 42... Re7 43. Kg2 Qa8+ 44. Kh2 Qe4 (44... Qc8 $18 45. Qd4 Qf5) 45. Rd7 Qe6 46. Rxe7+ Qxe7 {KQ-KQ} 47. Qd4 (47. Qd2 $142 Qe4 48. a5) 47... Qa3 48. Qa7+ {White mates.} Kg8 49. a5 g5 50. hxg5 h4 51. Qb8+ Kh7 52. Qc7+ Kg6 53. gxh4 Kh5 54. Qg3 Qxa5 55. g6 Qd5 56. g7 Qd8 57. g8=Q Qxg8 58. Qxg8 {[%csl Gh4][%cal Rg8g5]} Kxh4 59. f4 {[%csl Gf4][%cal Rg8g5]} Kh5 60. Qg5# {Accuracy: White = 70%, Black = 33%.} 1-0

[Event "18th Delhi GM Open 2020"]
[Site "Delhi"]
[Date "2020.01.12"]
[Round "5.18"]
[White "Luong, Phuong Hanh"]
[Black "Tukhaev, Adam"]
[Result "0-1"]
[WhiteElo "2256"]
[BlackElo "2548"]
[Annotator "TA"]
[PlyCount "48"]
[EventDate "2020.01.09"]
[EventType "swiss"]
[EventCountry "IND"]
[SourceTitle "playchess.com"]
[Source "ChessBase"]
[SourceQuality "1"]

{[%evp 9,72,29,34,25,45,16,13,22,16,11,39,0,0,0,0,-80,-70,-70,-47,-47,-38,-71,-36,-51,-71,-61,-54,-25,-16,-72,-49,-35,-27,-197,-196,-262,-240,-249,-245,-236,-206,-225,-227,-244,-216,-435,-456,-593,-576,-1240,-1237,-1136,-1139,-1109,-1091,-952,-729,-716,-710,-3425,-2735,-2368,-1117,-29991,-29981]} 1. d4 Nf6 2. Nf3 c5 3. d5 b5 4. Bg5 g6 5. Bxf6 exf6 6. e4 {A43: Schmid Benoni} b4 7. Bd3 $146 ({Predecessor:} 7. Nbd2 Bg7 8. Bd3 O-O 9. Nc4 d6 10. O-O Qc7 11. Qd2 Nd7 12. a3 a5 13. axb4 cxb4 {0-1 (33) Fridman,D (2616)-Dubov,D (2690) Moscow 2019}) 7... Bg7 8. O-O {The position is equal.} O-O 9. a3 d6 10. c3 bxc3 11. Nxc3 Nd7 {[%cal Bb8d7,Bd7e5,Be5d3][%mdl 32]} 12. Nd2 (12. Rb1 $11) 12... f5 13. exf5 Ne5 14. Bc2 Ba6 15. Re1 Rb8 $1 $36 {[%mdl 2048] Black is more active.} 16. Rb1 Nd3 17. Re3 Nxb2 18. Qg4 Bc8 19. Qe2 (19. Rf3 $11 {keeps the balance.}) 19... Bxf5 20. Bxf5 gxf5 21. Rg3 $2 {[#]} (21. Nd1 $11) 21... Re8 $1 $19 {[%cal Re8e2]} 22. Nde4 (22. Qh5 $142 Qf6 23. Rf1) 22... fxe4 23. Rxb2 Rxb2 24. Qxb2 Kf8 {Played: Qd8-f6} 0-1

[Event "18th Delhi GM Open 2020"]
[Site "Delhi"]
[Date "2020.01.12"]
[Round "5.19"]
[White "Gholami, Aryan"]
[Black "Mohite, Ranveer"]
[Result "1-0"]
[WhiteElo "2541"]
[BlackElo "2281"]
[Annotator "TA"]
[PlyCount "91"]
[EventDate "2020.01.09"]
[EventType "swiss"]
[EventCountry "IND"]
[SourceTitle "playchess.com"]
[Source "ChessBase"]
[SourceQuality "1"]

{[%evp 19,91,0,0,0,15,0,0,-1,-1,-28,-28,-66,-66,-69,-58,-66,-39,-25,89,79,80,0,0,-3,0,0,0,0,0,0,0,0,0,0,51,72,48,37,164,150,212,215,194,203,209,193,254,178,216,193,189,198,296,220,236,0,203,201,181,187,232,231,369,280,720,472,405,279,2089,2070,1691,1664,6287,5377]} 1. c4 Nf6 2. Nc3 d5 3. cxd5 Nxd5 4. g3 Nb6 5. Bg2 e5 6. d3 Be7 7. Nf3 Nc6 8. O-O O-O 9. Be3 Be6 10. Qc1 f5 11. Rd1 {A29: English Opening: Four Knights Variation with 4 g3} (11. Bg5 h6 12. Bxe7 Qxe7 13. a3 a5 14. e3 a4 15. d4 e4 16. Nd2 Na5 17. Qc2 Nb3 18. Nxb3 Bxb3 {½-½ (44) Butnorius,A (2442)-Petrosian,T (2616) Plovdiv 2008}) 11... h6 12. a4 $146 ({Predecessor:} 12. d4 e4 13. Ne5 Nxe5 14. dxe5 Qe8 15. f3 c6 16. b3 Nd5 17. Nxd5 Bxd5 {½-½ (17) Pohlig,B (2453)-Firsching,G (2422) Remote email 2011}) 12... Nd5 13. Nxd5 {The position is equal.} Bxd5 14. a5 Qd6 15. a6 b6 16. Bd2 Rf7 17. Bc3 Qe6 18. Bh3 Raf8 {[#]} (18... Qf6 $11) 19. e4 $1 $16 {[%cal Re4d5][%mdl 512]} Bb3 {Strongly threatening ...Qg6.} (19... fxe4 20. Bxe6) 20. Rf1 ({White should try} 20. Re1 $16) 20... Qg6 $11 21. Bxf5 Rxf5 22. exf5 Qxf5 23. Nd2 Bc5 {[%cal Rc5f2]} 24. Ne4 Nd4 25. Bxd4 $1 Bxd4 26. Qxc7 Bd5 (26... Qf3 $11 27. Qc1 (27. Qxa7 Bd5 $17) 27... Qxd3) 27. Qc2 $14 Qf3 28. Rae1 h5 (28... Be6 $14 29. Qd1 Bh3 30. Qxf3 Rxf3) 29. Qe2 $18 Qf5 (29... h4 $16 {keeps fighting.} 30. gxh4 Qh3) 30. Kg2 h4 31. f4 h3+ 32. Kh1 Qc8 (32... Qe6 $142 33. fxe5 Rd8) 33. fxe5 Re8 34. Rf4 Rxe5 35. Ref1 Re8 (35... Bc5 {is a better defense.} 36. Qf3 Qxa6) 36. Rh4 Re5 37. Rhf4 $2 (37. Qf3 $18) 37... Bc5 $2 (37... Re8 $1 $11 {and Black is okay.}) 38. Qf3 Qxa6 {[#]} 39. g4 $1 Qb7 40. Qxh3 g5 (40... Qd7 $142 41. Qf3 Qc6) 41. Rf5 Qg7 $2 (41... Bxe4+ 42. dxe4 Rxf5 43. gxf5 Qxe4+ 44. Qg2 Qxg2+ 45. Kxg2 Kg7) 42. Rxe5 Qxe5 43. Rf5 Qxb2 $2 (43... Bxe4+ 44. dxe4 Qxe4+ 45. Qg2 Qe1+ 46. Qf1 Qe4+ 47. Qg2 Qe1+ 48. Rf1 Qe7) 44. Rxg5+ {White is clearly winning.} Kf8 45. Qf1+ Ke7 46. Rxd5 {Accuracy: White = 75%, Black = 32%.} 1-0

[Event "18th Delhi GM Open 2020"]
[Site "Delhi"]
[Date "2020.01.12"]
[Round "5.20"]
[White "Raahul V S"]
[Black "Debashis, Das"]
[Result "1/2-1/2"]
[WhiteElo "2233"]
[BlackElo "2523"]
[Annotator "TA"]
[PlyCount "84"]
[EventDate "2020.01.09"]
[EventType "swiss"]
[EventCountry "IND"]
[SourceTitle "playchess.com"]
[Source "ChessBase"]
[SourceQuality "1"]

{[%evp 17,84,14,30,2,21,-13,-8,-14,-8,-9,-6,-18,-8,0,6,6,17,4,4,5,4,4,8,6,9,0,0,0,0,0,0,0,0,0,0,0,0,0,0,0,0,0,0,0,0,0,0,0,0,0,0,0,0,0,0,0,0,0,0,0,0,0,0,0,0,0,0,0,0]} 1. c4 e6 2. g3 Nf6 3. Bg2 d5 4. Nf3 Be7 5. d4 O-O 6. Qc2 dxc4 7. Qxc4 c6 8. O-O b5 9. Qc2 Bb7 10. a4 {D30: Queen's Gambit Declined: Systems without Nc3} (10. Bg5 Nbd7 11. Ne5 Nxe5 12. dxe5 Nd7 13. Bxe7 Qxe7 14. f4 f6 15. exf6 Nxf6 16. Nd2 e5 17. e3 exf4 18. exf4 Rae8 {½-½ (41) Radjabov,T (2756)-Karjakin,S (2753) Shamkir 2019}) 10... Nbd7 {The position is equal.} 11. Nc3 b4 12. Ne4 Nxe4 13. Qxe4 Nf6 $146 ({Predecessor:} 13... Rc8 14. Rd1 Nf6 15. Qc2 Qb6 16. Be3 b3 {0-1 (65) Alfaro Garcia del Cerro,J (2155)-Saptarshi,R (2500) San Sebastian 2018}) 14. Qc2 c5 15. dxc5 Be4 16. Qc4 Qd5 17. Qxd5 Nxd5 18. Ne5 Bxg2 19. Kxg2 Rfc8 20. Nd3 Bxc5 21. Bd2 a5 22. Nxc5 Rxc5 23. Rac1 Rac8 24. Rxc5 Rxc5 $11 {[%mdl 4096] Endgame KRB-KRN} 25. e4 Nf6 26. Kf3 Kf8 27. Rd1 Ke8 {With the idea ...Rc2.} 28. Be3 Rc6 29. Rc1 Rxc1 30. Bxc1 {KB-KN} Nd7 31. Be3 Ke7 32. Ke2 Kd6 33. Bd4 f6 34. Kd3 Kc6 35. f4 h5 36. b3 e5 37. fxe5 fxe5 38. Be3 g6 39. h3 Kd6 40. Kc4 {And now Kb5 would win.} Kc6 $1 41. Kd3 Kd6 42. Kc4 {Hoping for Kb5.} Kc6 $1 {Accuracy: White = 85%, Black = 89%.} 1/2-1/2

[Event "18th Delhi GM Open 2020"]
[Site "Delhi"]
[Date "2020.01.12"]
[Round "5.21"]
[White "Grover, Sahaj"]
[Black "Saurabh Anand"]
[Result "1/2-1/2"]
[WhiteElo "2521"]
[BlackElo "2269"]
[Annotator "RC"]
[PlyCount "69"]
[EventDate "2020.01.09"]
[EventType "swiss"]
[EventCountry "IND"]
[SourceTitle "playchess.com"]
[Source "ChessBase"]
[SourceQuality "1"]
[TimeControl "5400+30"]

1. e4 {[%emt 0:00:00]} e5 {[%emt 0:00:00]} 2. Nf3 {[%emt 0:00:00]} Nc6 {[%emt 0:00:00]} 3. Bb5 {[%emt 0:00:00]} a6 {[%emt 0:00:40]} 4. Ba4 {[%emt 0:00:01]} Nf6 {[%emt 0:00:07]} 5. O-O {[%emt 0:00:06]} Be7 {[%emt 0:00:07]} 6. Re1 {[%emt 0:00:04]} b5 {[%emt 0:01:14]} 7. Bb3 {[%emt 0:00:07]} d6 {[%emt 0:00:08]} 8. c3 {[%emt 0:00:04]} O-O {[%emt 0:00:09]} 9. d4 {[%emt 0:00:03]} Bg4 {[%emt 0:01:31]} 10. Be3 {[%emt 0:00:13]} exd4 {[%emt 0:04:18]} 11. cxd4 {[%emt 0:00:09]} d5 {[%emt 0:00:36]} 12. e5 {[%emt 0:00:50]} Ne4 {[%emt 0:00:11]} 13. h3 {[%emt 0:00:07]} Bh5 {[%emt 0:01:57]} 14. Nbd2 {[%emt 0:00:04]} Bb4 {[%emt 0:07:08]} 15. Qc2 {[%emt 0:15:25]} Nxd2 {[%emt 0:09:04]} 16. Nxd2 {[%emt 0:01:15]} Na5 {[%emt 0:00:12]} 17. f4 {[%emt 0:01:27]} f5 {[%emt 0:06:32]} 18. Rec1 {[%emt 0:03:34]} c6 {[%emt 0:04:55]} 19. Kh2 {[%emt 0:10:02]} Qd7 {[%emt 0:02:50]} 20. Rg1 {[%emt 0:01:39]} Rfc8 {[%emt 0:07:18]} 21. Nf1 {[%emt 0:03:53]} c5 {[%emt 0:04:38]} 22. dxc5 {[%emt 0:01:02]} Nxb3 {[%emt 0:03:08]} 23. Qxb3 {[%emt 0:01:12]} Bxc5 {[%emt 0:00:08]} 24. Rc1 {[%emt 0:02:22]} Be7 {[%emt 0:02:22]} 25. Nd2 {[%emt 0:00:53]} Bf7 {[%emt 0:05:10]} 26. Qd3 {[%emt 0:00:12]} d4 {[%emt 0:03:58]} 27. b3 {[%emt 0:03:29]} Ba3 {[%emt 0:08:56]} 28. Rxc8+ {[%emt 0:14:48]} Rxc8 {[%emt 0:00:17]} 29. Nb1 {[%emt 0:00:08]} Bb2 {[%emt 0:03:40]} 30. Bf2 {[%emt 0:06:00]} Bd5 {[%emt 0:03:45]} 31. Nd2 {[%emt 0:05:19]} Rc3 {[%emt 0:00:34]} 32. Qb1 {[%emt 0:00:36]} d3 {[%emt 0:01:38]} 33. Qxb2 {[%emt 0:07:11]} Rc2 {[%emt 0:00:10]} 34. Qd4 {[%emt 0:00:12]} Rxd2 {[%emt 0:00:28]} 35. Be3 {[%emt 0:00:07]} 1/2-1/2

[Event "18th Delhi GM Open 2020"]
[Site "Delhi"]
[Date "2020.01.12"]
[Round "5.22"]
[White "Vatsal Singhania"]
[Black "Visakh N R"]
[Result "0-1"]
[WhiteElo "2230"]
[BlackElo "2518"]
[Annotator "TA"]
[PlyCount "70"]
[EventDate "2020.01.09"]
[EventType "swiss"]
[EventCountry "IND"]
[SourceTitle "playchess.com"]
[Source "ChessBase"]
[SourceQuality "1"]

{[%evp 13,70,0,12,6,17,13,17,10,16,10,10,14,14,10,13,8,20,18,22,12,21,0,0,0,6,0,40,27,37,7,26,0,29,0,29,23,59,52,43,47,47,0,16,15,13,-84,-36,-118,-118,-122,-113,-319,-323,-319,-327,-321,-318,-351,-344]} 1. e4 c5 2. Nf3 d6 3. d4 cxd4 4. Nxd4 Nf6 5. Nc3 a6 6. Be2 e5 7. Nf3 Qc7 8. Bg5 {B92: Sicilian Najdorf: 6 Be2} Nbd7 9. a4 h6 10. Be3 {The position is equal.} Nc5 (10... b6 11. Nd2 Bb7 12. O-O Rc8 13. Bd3 Be7 14. Qe2 Ra8 15. Bc4 O-O {1-0 (46) Anand,V (2794)-Esserman,M (2453) Douglas 2017}) 11. Nd2 Be6 12. O-O Be7 13. a5 O-O 14. Bf3 $146 ({Predecessor:} 14. f4 exf4 15. Bxf4 b5 {0-1 (52) Oe,O-Kristensen,H Denmark 1988}) 14... Rfc8 15. Qe2 Qc6 16. Rfc1 Ncd7 17. Qd3 Nc5 18. Qe2 Rab8 19. Rd1 Qc7 20. h3 Ncd7 21. Qd3 Nc5 22. Qe2 Ncd7 23. Qd3 Nh7 24. Nf1 Nc5 25. Qd2 b5 26. axb6 $1 Qxb6 27. Na4 Qc6 28. Bxc5 dxc5 29. Qc3 (29. Ne3 $11) 29... Ng5 30. Nd2 (30. Qxe5 $15 Nxf3+ 31. gxf3) 30... Rb4 $17 31. b3 {[#]} c4 $1 32. Rdc1 $2 (32. Bg4 $17) 32... Qd7 {White must now prevent ...cxb3.} 33. Qe3 {[#]} Nxh3+ $1 {[%mdl 512]} 34. gxh3 Bg5 35. Nc5 Qe7 {Accuracy: White = 38%, Black = 54%.} 0-1

[Event "18th Delhi GM Open 2020"]
[Site "Delhi"]
[Date "2020.01.12"]
[Round "5.23"]
[White "Yudin, Sergei"]
[Black "Varun, Vij"]
[Result "1/2-1/2"]
[WhiteElo "2508"]
[BlackElo "1964"]
[Annotator "TA"]
[PlyCount "126"]
[EventDate "2020.01.09"]
[EventType "swiss"]
[EventCountry "IND"]
[SourceTitle "playchess.com"]
[Source "ChessBase"]
[SourceQuality "1"]

{[%evp 16,126,0,6,46,46,29,46,34,42,30,33,55,54,52,50,43,27,31,24,43,22,40,28,58,53,73,62,80,68,64,61,72,62,93,97,83,30,42,43,37,50,30,3,3,3,3,0,3,3,0,0,0,0,0,0,0,0,0,0,0,0,0,-98,10,10,10,10,10,10,10,10,10,10,10,10,10,10,10,10,10,10,10,10,37,17,29,29,30,37,37,37,37,37,37,0,0,0,0,0,0,0,0,0,0,0,0,0,0,0,0,0,0]} 1. e4 c5 2. Nf3 Nc6 3. Bb5 g6 4. O-O Bg7 5. Re1 e5 6. c3 Nge7 7. d4 cxd4 8. cxd4 exd4 9. Bf4 d6 {B31: Sicilian: 2...Nc6 3 Bb5 g6} (9... a6 $5 {[%cal Ra6b5]} 10. Ba4 b5 $11) (9... a6 10. Ba4 b5 11. Bb3 d6 12. a4 bxa4 13. Rxa4 O-O 14. Na3 Be6 15. Bxe6 fxe6 16. Ng5 e5 17. Qb3+ d5 {½-½ (53) Ivanov,S (2542)-Popov,V (2592) St Petersburg 2010}) 10. Nxd4 $1 O-O 11. Bxc6 Nxc6 {White is slightly better.} 12. Nxc6 bxc6 13. Nc3 (13. Qxd6 $2 Bxb2 14. Nd2 Bxa1 $17) 13... Be5 14. Bxe5 $146 ({Predecessor:} 14. Qd2 Rb8 15. b3 Be6 16. Rad1 Bxf4 17. Qxf4 {½-½ (39) Manik,M (2457)-Smith,A (2284) Ceska Trebova 2007}) 14... dxe5 15. Qc2 Qg5 16. Rad1 Bg4 17. Qd2 (17. Rd6 {looks sharper.} Bh3 18. f3 Rfd8 19. Red1 Rxd6 20. Rxd6 Be6 21. Qd2) 17... Qxd2 18. Rxd2 Rfd8 19. Rc2 Rd4 20. f3 Be6 21. b3 Rad8 22. Kf2 h5 23. h4 Bc8 24. Na4 Ba6 25. Rec1 Kg7 26. Nc5 ({White should play} 26. Kg3 $16) 26... Bc8 $1 $11 27. Ke3 f5 28. g3 fxe4 29. fxe4 Bg4 30. Rf1 Bh3 31. Rfc1 Bg4 32. Rf2 Kh6 33. Rcf1 Bh3 34. Re1 Bg4 35. Rh1 Kg7 36. Rhf1 Bh3 37. Rf7+ {[%mdl 64] Double Attack} Kg8 38. R1f2 Rd1 {And now ...Re1+ would win.} 39. R7f6 {[#]} (39. R2f6 $11 {remains equal.}) 39... Bg4 (39... Re1+ $1 $17 40. Re2 Rc1 41. Rxg6+ Kh7 42. Rxc6 Bg4) 40. Rf1 $1 {[%cal Rf1d1] Strongly threatening Rxd1.} R1d2 {[%csl Gg4][%cal Rd2e2] [#]} 41. Rf8+ $1 {[%mdl 512]} Rxf8 42. Rxf8+ Kxf8 43. Kxd2 {[%mdl 4096] Endgame Threatens to win with Nd3. KB-KN} Ke7 44. Nd3 Kd6 45. b4 Bf3 46. Ke3 Bg4 47. a3 Bc8 48. Kd2 Bg4 49. Nb2 Bf3 50. Kd3 Bg2 51. Nc4+ Ke6 52. Nd2 Kd6 53. Kc4 Bh3 54. Kb3 Bg4 55. Ka4 Be2 {The position is equal.} 56. Ka5 Bd3 57. a4 Kc7 {With the idea ...Kd6.} 58. b5 cxb5 59. axb5 Kd6 {Black wants to play ...Kc5.} 60. Kb4 Ke6 61. Kc5 Kf6 62. Kc6 Ke6 63. Kc5 Kf6 {Accuracy: White = 76%, Black = 66%.} 1/2-1/2

[Event "18th Delhi GM Open 2020"]
[Site "Delhi"]
[Date "2020.01.12"]
[Round "5.24"]
[White "Harsha Bharathakoti"]
[Black "Lokesh, N.."]
[Result "1/2-1/2"]
[WhiteElo "2502"]
[BlackElo "2264"]
[Annotator "TA"]
[PlyCount "65"]
[EventDate "2020.01.09"]
[EventType "swiss"]
[EventCountry "IND"]
[SourceTitle "playchess.com"]
[Source "ChessBase"]
[SourceQuality "1"]

{[%evp 14,65,-2,4,12,17,23,33,29,27,23,33,63,46,68,57,51,35,47,40,60,40,39,31,44,16,11,3,19,27,22,24,36,14,25,18,20,20,30,18,45,20,23,0,0,0,0,0,0,0,0,0,7,8]} 1. c4 Nf6 2. Nc3 e6 3. Nf3 d5 4. e3 c6 5. b3 Bd6 6. Bb2 Nbd7 7. Qc2 O-O 8. Be2 Qe7 {A11: English Opening: 1...c6} 9. O-O Ba3 (9... b6 10. cxd5 cxd5 11. Nb5 Ba6 12. Qd1 Bxb5 13. Bxb5 a6 14. Be2 Ba3 15. Qc1 Bxb2 16. Qxb2 {½-½ (33) Ivanchuk,V (2728)-Duda,J (2707) Tbilisi 2017}) 10. Bxa3 Qxa3 {White is slightly better.} 11. Rab1 Qe7 12. d4 dxc4 $146 ({Predecessor:} 12... b6 13. b4 dxc4 14. Bxc4 c5 15. bxc5 bxc5 {½-½ (73) Ernst,S (2536)-Bhakti,K (2313) Chennai 2016}) 13. bxc4 e5 14. Rfe1 Re8 15. a4 exd4 16. exd4 Qd8 17. Bd3 Rxe1+ 18. Rxe1 Nf8 19. Ne4 Bg4 20. Nxf6+ Qxf6 21. Ne5 Re8 22. Re3 Be6 23. a5 {Hoping for a6!} Qd8 24. Qc3 Nd7 25. Nf3 Nf6 26. h3 b6 27. Ne5 Qc7 28. Be2 c5 {The position is equal.} 29. axb6 axb6 30. Bf3 cxd4 31. Qxd4 Rd8 32. Qb2 Bxc4 33. Nxc4 {Accuracy: White = 42%, Black = 65%.} 1/2-1/2

[Event "18th Delhi GM Open 2020"]
[Site "Delhi"]
[Date "2020.01.12"]
[Round "5.25"]
[White "Rios, Cristhian Camilo"]
[Black "Navalgund, Niranjan"]
[Result "1/2-1/2"]
[WhiteElo "2498"]
[BlackElo "2246"]
[Annotator "TA"]
[PlyCount "88"]
[EventDate "2020.01.09"]
[EventType "swiss"]
[EventCountry "IND"]
[SourceTitle "playchess.com"]
[Source "ChessBase"]
[SourceQuality "1"]

{[%evp 14,88,21,-31,62,60,66,64,163,132,125,134,137,90,101,100,150,100,124,100,101,101,101,116,107,95,87,31,27,26,116,116,129,119,123,123,164,59,59,59,59,59,59,52,52,52,52,37,37,37,59,37,37,37,59,59,59,43,59,59,59,59,59,59,59,59,79,79,79,79,79,79,79,79,79,2,2]} 1. d4 d5 2. c4 e6 3. Nc3 c5 4. cxd5 exd5 5. dxc5 d4 6. Na4 b5 7. cxb6 axb6 8. b3 ({Better is} 8. e4 $11) 8... Bb4+ {D32: Tarrasch Defence: Sidelines and lines without g3} (8... b5 $15 9. Nb2 Nc6) (8... Nf6 9. Nf3 b5 10. Nb2 Nc6 11. e3 Bb4+ 12. Bd2 dxe3 13. fxe3 Qb6 14. Bxb4 Nxb4 15. Nd4 O-O 16. Bxb5 Rxa2 17. Rxa2 Nxa2 {1-0 (30) Wojtaszek,R (2734)-Demuth,A (2545) Berlin 2015}) 9. Bd2 $14 Ba3 10. e3 $1 d3 (10... Bd7 $14) 11. Qf3 $146 ({Predecessor:} 11. Bc3 b5 12. Nb2 f6 13. Qh5+ Kf8 14. Nxd3 Qc7 15. Bd4 Qa5+ 16. Kd1 {0-1 (27) Balciunaite,G (1582)-Gailiunaite,S (1626) Panevezys 2014}) 11... Rxa4 12. bxa4 {[#] Strongly threatening Qg3.} Nf6 13. Rb1 {Hoping for a5!} Ba6 14. Rb3 Bc5 15. Qf5 {[%cal Rf1d3]} Nc6 16. Rxd3 ({Of course not} 16. Bxd3 $6 g6 $11) 16... Bxd3 17. Qxd3 O-O 18. Nf3 Qe7 19. Be2 Rd8 20. Qb5 (20. Qc2 $16) 20... Ne5 21. Bc3 Nxf3+ (21... Neg4 $1 $11 {remains equal.} 22. Bxf6 gxf6) 22. Bxf3 $16 Ne4 23. Bxe4 $1 Qxe4 24. O-O h5 25. Bd4 (25. a5 $18 Qc2 26. Be1 (26. axb6 Qxc3 27. b7 Bd6 $16) 26... bxa5 27. Bxa5) 25... Bxd4 $14 26. exd4 Rxd4 27. Qxh5 Rxa4 {[%mdl 4096] Endgame KQR-KQR} 28. Rd1 {[#] Intending Rd8+ and mate.} Rd4 {And now ...g6 would win.} 29. Rc1 {Threatening mate with Rc8+.} Rc4 30. Qd1 Qd5 31. Ra1 (31. Qxd5 $2 {gets mated.} Rxc1+ 32. Qd1 Rxd1#) 31... Qxd1+ 32. Rxd1 {KR-KR} Rc2 33. Ra1 b5 34. h4 Rc4 35. Rb1 Rc2 36. a3 Rc3 37. Rxb5 {aiming for Rb8+.} Rxa3 38. g3 g6 39. Kg2 Kg7 40. g4 Rc3 41. f3 Ra3 42. Kg3 Ra4 43. Rb3 Rc4 44. f4 (44. Ra3 $16) 44... Rc1 {Accuracy: White = 74%, Black = 61%.} 1/2-1/2